Bocacio y su época / nota introductiva, trad. y notas de luis pancorbo
Guardado en:
| Autor Principal: | |
|---|---|
| Otros Autores: | |
| Formato: | Libro |
| Publicado: |
Madrid :
Alianza,
1975
|
| Materias: | |
| Etiquetas: |
Agregar Etiqueta
Sin Etiquetas, Sea el primero en etiquetar este registro!
|
| LEADER | 00689nam a22002055a 4500 | ||
|---|---|---|---|
| 001 | EHU.bham044352 | ||
| 003 | AR-BHAM | ||
| 005 | 20161021132214.0 | ||
| 008 | 130507s1975##################000#0#####d | ||
| 020 | |a 8420615854 | ||
| 082 | 8 | 5 | |a 853.107 |
| 100 | 1 | |a Branca, Vittore | |
| 245 | 1 | 0 | |a Bocacio y su época / |b nota introductiva, trad. y notas de luis pancorbo |c Vittore Branca : |
| 260 | |a Madrid : |b Alianza, |c 1975 | ||
| 300 | |a 349 p. | ||
| 600 | 1 | 4 | |a Boccaccio, Giovanni |
| 653 | |a Literatura italiana medieval-estudios sobre | ||
| 653 | |a Novela italiana medieval-estudios sobre | ||
| 700 | 1 | |a Pancorbo, Luis, notas, trad. | |
| 859 | |a AR-BHAM |b BIB. HUMANIDADES - General |h 853.107 |i B63 |p 362.16 |t Ej.1 | ||
